000 00827nam a2200265Ia 4500
003 OSt
005 20221005063928.0
006 a|||||r|||| 00| 0
007 ta
008 221004b |||||||| |||| 00| 0 eng d
020 _a9781584350934 (pbk)
_c881.55
024 _a2354
037 _b10920, 04/01/2013, Elite Publishers Distributors
_cTextual
040 _aCRL
_cCRL
_beng
041 _2eng
_aeng
082 _aY7xN34, Q0
100 _aClastres Pierre
_9328921
245 0 _aArcheology of violence
260 _aLos
_bAngeles The MIT Press U.S.A
_c2010
300 _a335p.
_ccm.
650 _aSOCIOLOGY
700 _a Herman Jeanine Tr.
_9603301
942 _hY7xN34, Q0
_cTEXL
_2cc
999 _c972141
_d972141